SATELITE COMMUNICATIONS. (Record no. 14041)

MARC details
000 -LEADER
fixed length control field 00328nam a22001577a 4500
003 - CONTROL NUMBER IDENTIFIER
control field SGT
020 ## - INTERNATIONAL STANDARD BOOK NUMBER
International Standard Book Number 978-81-265-0833-4
082 ## - DEWEY DECIMAL CLASSIFICATION NUMBER
Classification number 384.51
Item number PRA
100 ## - MAIN ENTRY--PERSONAL NAME
Personal name PRATT,TIMOTHY
245 ## - TITLE STATEMENT
Title SATELITE COMMUNICATIONS.
250 ## - EDITION STATEMENT
Edition statement 2ND
260 ## - PUBLICATION, DISTRIBUTION, ETC. (IMPRINT)
Place of publication, distribution, etc NEW DELHI
Name of publisher, distributor, etc WILLEY
Year of Publication 2017
300 ## - PAGE DESCRIPTION
No. of Pages 536
650 ## - SUBJECT ADDED ENTRY--TOPICAL TERM
Topical term or geographic name as entry element ECE
942 ## - ADDED ENTRY ELEMENTS (KOHA)
Source of classification or shelving scheme Dewey Decimal Classification
Koha item type Books
Holdings
Withdrawn status Lost status Source of classification or shelving scheme Damaged status Not for loan Collection code Home library Current library Shelving location Date acquired Vendor Name Cost, normal purchase price SGTU Bill Number Total Checkouts Full call number Accession No. (Barcode) Date last seen Bill Date Koha item type Date last borrowed
    Dewey Decimal Classification     ENGINEERING SGT Engineering Library SGT Engineering Library Text Book 20/12/2017 KIRTI PRAKASHAN (NEW DELHI ) 649.00 SGTU IN1297   384.51 PRA FE6721 20/12/2017   Books  
    Dewey Decimal Classification     ENGINEERING SGT Engineering Library SGT Engineering Library Text Book 20/12/2017 KIRTI PRAKASHAN (NEW DELHI ) 649.00 SGTU IN1297   384.51 PRA FE6722 20/12/2017   Books  
    Dewey Decimal Classification     ENGINEERING SGT Engineering Library SGT Engineering Library Text Book 20/12/2017 KIRTI PRAKASHAN (NEW DELHI ) 649.00 SGTU IN1297 1 384.51 PRA FE6723 04/12/2019   Books 22/11/2019
    Dewey Decimal Classification     ENGINEERING SGT Engineering Library SGT Engineering Library Text Book 20/12/2017 KIRTI PRAKASHAN (NEW DELHI ) 649.00 SGTU IN1297   384.51 PRA FE6724 20/12/2017   Books  
    Dewey Decimal Classification     ENGINEERING SGT Engineering Library SGT Engineering Library Text Book 20/12/2017 KIRTI PRAKASHAN (NEW DELHI ) 649.00 SGTU IN1297   384.51 PRA FE6725 20/12/2017   Books